00973 2200337 4500001002100000005001500021035002000036007000300056040001700059100002800076245004700104250001200151300003900163020002200202041000800224082000800232084001400240090002000254264003700274336002100311337003000332338002300362500005200385650002400437850001000461008004100471700004400512700004900556990001500605990001500620INLIS00000000000864620260518015009 a0010-1022000021ta aSBPUPADbind aImam RasjidiePengarang1 aMaging Ginekologi Onkologi /cImam Rasjidi a.-Cet.1 axxii, 193 halaman :bilus ;c23 cm a978-602-8674-26-307aInd a618 a618 IMA i a618 VIC g L18-5 a.--Jakarta :bSagung Seto,c2010 2rdacontentateks 2rdamediaatanpa perantara 2rdacarrieravolume aTentang Penulis, hlm. 193, Indeks, hlm. 188-189 4aGinekologi Onkologi aPUPAD260518 0 0 aPengarag Ke-2, Rusli MuljadiePengarang0 aPengarag Ke-3, Kristianus CahyonoePengarang a882/B/2013 a883/B/2013